Melanie Klein: her world and her work

Uloženo v:
Podrobná bibliografie
Hlavní autor: Grosskurth, Phyllis (Autor)
Médium: Kniha
Jazyk:angličtina
Vydáno: Toronto Mcclelland and Stewart 1986
Témata:
Tagy: Přidat tag
Žádné tagy, Buďte první, kdo vytvoří štítek k tomuto záznamu!

MARC

LEADER 00000nam a2200000 a 4500
001 UCW3578
003 CL-VaPUC
005 20210222121658.0
008 881114e19860000CN |||||||||||||||||eng|d
999 |c 217544  |d 217542 
040 |c Pontificia Universidad Católica de Valparaíso 
082 0 4 |a 150.195  |b GRO  |2 21 
100 0 |a Grosskurth, Phyllis  |e author  |9 307893 
245 1 0 |a Melanie Klein: her world and her work 
260 |a Toronto  |b Mcclelland and Stewart  |c 1986 
300 |a 515 p 
583 |a last modification  |c 19881114 00:00:00  |k Rodrigo Vera 
600 |a Klein, Melanie  |d 1882-1960  |9 859582 
650 7 |a PSICOANALISTAS  |2 CL-VaPUC  |9 307895 
650 0 |a Biografías  |9 255210 
650 7 |a PSICOANALISIS HISTORIA  |2 CL-VaPUC  |9 307896 
852 |a BIBCUR 
942 |c BK  |2 ddc 
945 |d 19881114 00:00:00 
952 |0 0  |1 0  |4 0  |6 150_195000000000000_GRO_1986  |7 0  |8 A  |9 205411  |a BIBEDU  |b BIBEDU  |d 2019-11-15  |i 2732963  |o 150.195 GRO 1986  |p 2732963  |r 2019-11-15  |w 2019-11-15  |y BK  |k EDU